000 01039cam a22003257a 4500
003 CHAP
005 20220329141908.0
008 980424d1991 mx r 00010 spa d
010 _a75393
011 _a76365
020 _a9688407933
035 _a85948
040 _cCHAP
082 0 4 _a335.6
_bA53
100 0 0 _aAnguiano, Arturo
_ecoord.
_95823
245 1 3 _aEl socialismo en el umbral del siglo XXI
_c/coord. por Arturo Anguiano
260 _aMéxico, D. F. :
_bUniversidad Autónoma Metropolitana. Unidad Xochimilco,
_c1991.
300 _a419 p.
590 _aBATCH-UPD
_b10
_c20130110
_lUCH01
_h0021
590 _aBATCH-UPD
_b10
_c20130110
_lUCH01
_h1003
590 _aCONVERSION
_b10
_c20130109
_lUCH01
_h1341
650 1 4 _aMarxismo.
_972728
650 1 4 _aSocialismo.
_9108040
790 0 _aPerestroika
901 _aBK
905 _aLilia Sánchez G.
942 _cLIBRO
949 _a335.6 A53
_bBC
_cLIBRO
_d33724000594487
_eLIBRO
_h93159
_i85948
_sb
949 _a335.6 A53
_bBC
_cLIBRO
_d33724000594495
_eLIBRO
_fc.2
_h93160
_i85948
_sb
999 _c75393
_d75393